Footnote- Conan Gray (Lyrics) - Statistics

General Stats
  • This quiz has been taken 10 times
  • The average score is 286 of 296
Answer Stats
Section Lyrics % Correct
A
100%
a
100%
(A
100%
all
100%
alone
100%
and
100%
And
100%
at
100%
body
100%
bought
100%
But
100%
but
100%
change
100%
characters
100%
clear
100%
conversation
100%
could
100%
couple
100%
cute
100%
do
100%
do)
100%
drunk
100%
else
100%
end
100%
Every
100%
footnote
100%
For
100%
for
100%
friendship
100%
help?"
100%
how
100%
I
100%
"If
100%
if
100%
I'll
100%
I'm
100%
in
100%
isn't
100%
It's
100%
it's
100%
just
100%
lesson
100%
lie?
100%
life
100%
like
100%
liked
100%
line
100%
loathing
100%
love
100%
maybe
100%
me
100%
(Me)
100%
my
100%
no
100%
not
100%
novels
100%
Oh
100%
our
100%
party
100%
Prejudice
100%
Pride
100%
reckless
100%
said
100%
side
100%
so
100%
Chorus | Pre-Chorus So
100%
"Sober
100%
some
100%
someone
100%
stop
100%
take
100%
taught
100%
that
100%
That
100%
the
100%
They
100%
they
100%
think
100%
To
100%
told
100%
too
100%
true
100%
up"
100%
up
100%
us
100%
was
100%
Verse 2 We
100%
we're
100%
We're
100%
why
100%
will
100%
With
100%
won't
100%
would
100%
write
100%
Verse 1 You
100%
you
100%
your
100%
are
86%
ate
86%
be
86%
being
86%
booze
86%
don't
86%
feelings
86%
felt
86%
forget
86%
Forget
86%
host
86%
I'd
86%
patience
86%
perfect
86%
Outro Please
86%
precious
86%
pretentious
86%
restaurant
86%
tense
86%
together
86%
waited
86%
'cause
71%
embarrassed
71%
everyone
71%
laughed
71%
never
71%
one
71%
pleased
71%
say
71%
see
71%
sees
71%
what
71%
Moscato
57%
shared
57%
weren't
57%
No matching quizzes found
Score Distribution
Percent of People with Each Score
Percentile by Number Answered
Your Score History
You have not taken this quiz